Statistics for Countries of Africa with an Empty Map - 90 Second Sprint

Click here to take the quiz!

General Stats

  • This quiz has been taken 734 times
  • The average score is 43 of 54

Answers on the Map

Answers color-coded by a green-red scale on the quiz's map according to % correct below.
 

Answer Stats

country% Correct
Algeria
97%
Egypt
96%
Chad
95%
Libya
94%
Sudan
93%
Dem Rep Congo
92%
Mali
92%
Niger
91%
Nigeria
91%
South Africa
91%
South Sudan
91%
Morocco
90%
Angola
89%
Congo
89%
Ethiopia
88%
Kenya
87%
Uganda
86%
Central African
Republic
85%
Tunisia
85%
Eritrea
84%
Zambia
84%
Mauritania
83%
Guinea
82%
Tanzania
82%
Mozambique
81%
Namibia
81%
Rwanda
81%
Zimbabwe
81%
Botswana
80%
Ghana
80%
Gambia
79%
Somalia
79%
Cameroon
78%
Senegal
78%
Togo
77%
Malawi
76%
Benin
75%
Burundi
75%
Lesotho
75%
Burkina Faso
72%
Djibouti
72%
Gabon
72%
Liberia
72%
Madagascar
71%
Guinea-Bissau
70%
Eswatini
69%
Sierra Leone
65%
Côte d'Ivoire
64%
Mauritius
63%
Seychelles
63%
Cabo Verde
60%
Comoros
58%
São Tomé and
Príncipe
57%
Equatorial Guinea
56%

Score Distribution

Percentile by Number Answered

Percent of People with Each Score

Your Score History

You have not taken this quiz